Dzień w historii – lipiec - Statystyki

Ogólne statystyki
  • Ten quiz został rozwiązany 271 razy
  • Średni wynik to 22 z 31
Statystyki odpowiedzi
Dzień Rok Wskazówka Odpowiedź % Poprawnych
5 lip 1687 Ten fizyk publikuje dzieło, w którym opisał m.in. prawo powszechnego ciążenia oraz zasady dynamiki Isaac Newton
93%
10 lip 1865 Zostaje założone w tym mieście najpopularniejsze na terenie obecnej Polski zoo Wrocław
92%
13 lip 1923 Ten słynny napis na wzgórzach obok Los Angeles zostaje umieszczony. Cztery ostatnie litery zostaną później usunięte w 1949 r. Hollywoodland
91%
20 lip 1969 Człowiek stawia tam swoją stopę po raz pierwszy w historii Księżyc
91%
9 lip 2011 To państwo uzyskuje niepodległość od Sudanu Sudan Południowy
91%
4 lip 1776 Następuje deklaracja niepodległości tego państwa od Wielkiej Brytanii Stany Zjednoczone
90%
15 lip 1410 Wojska polsko-litewskie odnoszą zwycięstwo z krzyżackimi w bitwie pod tą wsią Grunwald
89%
28 lip 1914 Rozpoczyna się ta "wojna, która zakończy wszystkie wojny" I wojna światowa
85%
8 lip 1994 Ten koreański przywódca umiera po 45 latach pełnienia rządów Kim Ir Sen
85%
19 lip 64 Ten cesarz rzekomo gra na lirze, podczas gdy Rzym jest trawiony przez pożar Neron
84%
2 lip 1916 Początek pierwszej edycji tego turnieju piłkarskiego o mistrzostwo Ameryki Południowej Copa América
81%
17 lip 1936 Rozpoczyna się wojna domowa w tym państwie Hiszpania
80%
12 lip 1561 Cerkiew Wasyla znajdująca się w tym mieście zostaje poświęcona Moskwa
79%
27 lip 1890 Ten holenderski malarz zastrzelił się i zmarł 2 dni później Vincent van Gogh
76%
18 lip 1955 W Anaheimie w Kalifornii otwarty zostaje ten park rozrywki Disneyland
75%
24 lip 1998 Uchwalona zostaje ustawa o wprowadzeniu nowego podziału administracyjnego Polski, przywracając ten rodzaj jednostki administracyjnej Powiat
74%
25 lip 1976 Zrobione zostaje zdjęcie tworu geologicznego na tej planecie, które przypomina ludzką twarz Mars
72%
22 lip 1992 Ten baron narkotykowy ucieka z luksusowego więzienia nieopodal Medellín Pablo Escobar
72%
14 lip 1789 Początek rewolucji francuskiej zapoczątkowany zdobyciem tego budynku Bastylia
71%
16 lip 1945 Pierwszy test tego urządzenia przeprowadzony zostaje w Nowym Meksyku Bomba atomowa
68%
1 lip 1867 Powstaje to państwo jako konfederacja trzech brytyjskich kolonii Kanada
67%
23 lip 1792 Stanisław August Poniatowski przystępuje do tej konfederacji Konfederacja {targowicka}
64%
26 lip 2016 Rozpoczęł się ten zjazd młodych katolików w Krakowie Światowe Dni Młodzieży
62%
30 lip 762 To miasto nad rzeką Tygrys zostaje założone Bagdad
53%
29 lip 2015 Ten system operacyjny ma swoją premierę Windows 10
50%
21 lip 1970 W tym kraju zostaje ukończona budowa Wysokiej Tamy Egipt
45%
6 lip 1934 Swoją działalność rozpoczyna polski obóz pracy przymusowej i odosobnienia w tej miejscowości na terenie Białorusi Bereza Kartuska
42%
11 lip 1943 To określenie zostało nadane dla tego dnia z powodu mordów tysięcy Polaków przez oddziały UPA i OUN w ramach rzezi wołyńskiej Krwawa niedziela
41%
7 lip 1953 Ten bereciarz-awanturnik wyrusza w podróż motocyklową po Ameryce Łacińskiej Che Guevara
40%
31 lip 1970 Brytyjska marynarka wojenna zaprzestaje wydawania racji żywnościowych tej substancji, co rozczarowuje marynarzy Rum
31%
3 lip 1949 Dochodzi do cudu, w którym wierni w katedrze w tym mieście mieli rzekomo ujrzeć łzy skapujące z policzka obrazu Matki Boskiej Lublin
19%
Nie znaleziono quizów pasujących do podanych kryteriów
Rozkład punktacji
Procent ludzi z każdym wynikiem
Percentyl według liczby udzielonych odpowiedzi
Twoja historia wyników
Nie rozwiązałeś tego quizu